Computer science for class IX (ICSE) / (Record no. 61713)

MARC details
000 -LEADER
fixed length control field 00652nam a22001817a 4500
005 - DATE AND TIME OF LATEST TRANSACTION
control field 20120131121456.0
008 - FIXED-LENGTH DATA ELEMENTS--GENERAL INFORMATION
fixed length control field 120131t xxu||||| |||| 00| 0 eng d
020 ## - INTERNATIONAL STANDARD BOOK NUMBER
International Standard Book Number 0074635808
Terms of availability 00.00
035 ## - SYSTEM CONTROL NUMBER
System control number B-26182
040 ## - CATALOGING SOURCE
Original cataloging agency DPL
Language of cataloging ENG
100 ## - MAIN ENTRY--PERSONAL NAME
Personal name Dheenadayalu, R.
9 (RLIN) 40438
245 ## - TITLE STATEMENT
Title Computer science for class IX (ICSE) /
Statement of responsibility, etc by R. Dheenadayalu
250 ## - EDITION STATEMENT
Edition statement 2nd ed.
260 ## - PUBLICATION, DISTRIBUTION, ETC. (IMPRINT)
Place of publication, distribution, etc New Delhi
Name of publisher, distributor, etc Tata McGraw-Hill Publishing Co. Ltd.
Date of publication, distribution, etc 2000
300 ## - PHYSICAL DESCRIPTION
Extent x, 203p.
Dimensions 18 cms
942 ## - ADDED ENTRY ELEMENTS (KOHA)
Source of classification or shelving scheme Dewey Decimal Classification
Item type English Books
Classification part 004
Call number suffix DHE
Holdings
Withdrawn status Lost status Source of classification or shelving scheme Damaged status Not for loan Collection code Home library Current library Shelving location Date acquired Cost, normal purchase price Total Checkouts Full call number Barcode Date last seen Cost, replacement price Koha item type Source of acquisition Copy number
    Dewey Decimal Classification     Non-fiction Kadipur Kadipur   05/07/2019 0.00   004 DHE B-026195 05/07/2019 0.00 English Books BPPD/PUB 2
    Dewey Decimal Classification     Non-fiction Sarojini Nagar Sarojini Nagar General Stacks 31/01/2012 0.00   004 DHE B-026182 31/01/2012 0.00 English Books    
    Dewey Decimal Classification     Non-fiction Yojana Vihar Yojana Vihar   30/08/2019 0.00   004 DHE B-026197 30/08/2019 0.00 English Books BPPD/PUB  

© Delhi Public Library
Hit Counter
free hit counter